Normal view MARC view
  • Electronic traffic controls.

Entry Topical Term

Number of records used in: 6

001 - CONTROL NUMBER

  • control field: 21848

003 - CONTROL NUMBER IDENTIFIER

  • control field: NUST

005 - DATE AND TIME OF LATEST TRANSACTION

  • control field: 20190927153412.0

008 - FIXED-LENGTH DATA ELEMENTS

  • fixed length control field: 190927|| aca||aabn | a|a d

040 ## - CATALOGING SOURCE

  • Original cataloging agency: NUST
  • Transcribing agency: NUST

150 ## - HEADING--TOPICAL TERM

  • Topical term or geographic name entry element: Electronic traffic controls.

670 ## - SOURCE DATA FOUND

  • Source citation: Work cat.: (NUST)0: Yauch, Peter J. 21846, Traffic signal control equipment :, [1990]
© 2023 Central Library, National University of Sciences and Technology. All Rights Reserved.